<?xml version="1.0" encoding="UTF-8"?>
<record
    xmlns:xsi="http://www.w3.org/2001/XMLSchema-instance"
    xsi:schemaLocation="http://www.loc.gov/MARC21/slim http://www.loc.gov/standards/marcxml/schema/MARC21slim.xsd"
    xmlns="http://www.loc.gov/MARC21/slim">

  <leader>00563nam a22001457a 4500</leader>
  <controlfield tag="003">OSt</controlfield>
  <controlfield tag="005">20160310102956.0</controlfield>
  <controlfield tag="008">160310b        xxu||||| |||| 00| 0 eng d</controlfield>
  <datafield tag="040" ind1=" " ind2=" ">
    <subfield code="c">RUA</subfield>
  </datafield>
  <datafield tag="082" ind1=" " ind2=" ">
    <subfield code="a">LMA ROS 2014 B467 Or.1</subfield>
  </datafield>
  <datafield tag="100" ind1=" " ind2=" ">
    <subfield code="9">7884</subfield>
    <subfield code="a">ROS KIRA; &#x179A;&#x179F;&#x17CB; &#x1782;&#x17B8;&#x179A;&#x17C9;&#x17B6;</subfield>
  </datafield>
  <datafield tag="245" ind1=" " ind2=" ">
    <subfield code="a">Study on public display procedure of cadastral document in bb 01 order, &#x179F;&#x17B7;&#x1780;&#x17D2;&#x179F;&#x17B6;&#x1796;&#x17B8;&#x178A;&#x17C6;&#x178E;&#x17BE;&#x179A;&#x1780;&#x17B6;&#x179A;&#x1794;&#x17B7;&#x1791;&#x1795;&#x17D2;&#x179F;&#x17B6;&#x1799;&#x1787;&#x17B6;&#x179F;&#x17B6;&#x1792;&#x17B6;&#x179A;&#x178E;&#x17C8;&#x1793;&#x17C3;&#x17AF;&#x1780;&#x179F;&#x17B6;&#x179A;&#x179F;&#x17BB;&#x179A;&#x17B7;&#x1799;&#x17C4;&#x178A;&#x17B8;</subfield>
  </datafield>
  <datafield tag="300" ind1=" " ind2=" ">
    <subfield code="a">ix,44p.</subfield>
    <subfield code="b">ill.</subfield>
    <subfield code="c">29cm.</subfield>
  </datafield>
  <datafield tag="942" ind1=" " ind2=" ">
    <subfield code="2">ddc</subfield>
    <subfield code="c">LMA</subfield>
  </datafield>
  <datafield tag="999" ind1=" " ind2=" ">
    <subfield code="c">7479</subfield>
    <subfield code="d">7479</subfield>
  </datafield>
  <datafield tag="952" ind1=" " ind2=" ">
    <subfield code="0">0</subfield>
    <subfield code="1">0</subfield>
    <subfield code="2">ddc</subfield>
    <subfield code="4">0</subfield>
    <subfield code="6">LMA_ROS_2014_000000000000000_B467_OR_1</subfield>
    <subfield code="7">0</subfield>
    <subfield code="9">44356</subfield>
    <subfield code="a">LBB</subfield>
    <subfield code="b">LBB</subfield>
    <subfield code="c">B467</subfield>
    <subfield code="d">2016-03-10</subfield>
    <subfield code="l">1</subfield>
    <subfield code="o">LMA ROS 2014 B467 Or.1</subfield>
    <subfield code="p">RUA056088</subfield>
    <subfield code="r">2020-10-12</subfield>
    <subfield code="s">2020-09-21</subfield>
    <subfield code="w">2016-03-10</subfield>
    <subfield code="y">LMA</subfield>
  </datafield>
  <datafield tag="952" ind1=" " ind2=" ">
    <subfield code="0">0</subfield>
    <subfield code="1">0</subfield>
    <subfield code="2">ddc</subfield>
    <subfield code="4">0</subfield>
    <subfield code="6">LMA_ROS_2014_000000000000000_B467_OR_2</subfield>
    <subfield code="7">0</subfield>
    <subfield code="9">44357</subfield>
    <subfield code="a">LBB</subfield>
    <subfield code="b">LBB</subfield>
    <subfield code="c">B467</subfield>
    <subfield code="d">2016-03-10</subfield>
    <subfield code="o">LMA ROS 2014 B467 Or.2</subfield>
    <subfield code="p">RUA055682</subfield>
    <subfield code="r">2016-03-10</subfield>
    <subfield code="w">2016-03-10</subfield>
    <subfield code="y">LMA</subfield>
  </datafield>
  <datafield tag="952" ind1=" " ind2=" ">
    <subfield code="0">0</subfield>
    <subfield code="1">0</subfield>
    <subfield code="2">ddc</subfield>
    <subfield code="4">0</subfield>
    <subfield code="6">LMA_ROS_2014_000000000000000_B467_OR_3</subfield>
    <subfield code="7">0</subfield>
    <subfield code="9">44358</subfield>
    <subfield code="a">LBB</subfield>
    <subfield code="b">LBB</subfield>
    <subfield code="c">B467</subfield>
    <subfield code="d">2016-03-10</subfield>
    <subfield code="o">LMA ROS 2014 B467 Or.3</subfield>
    <subfield code="p">RUA055681</subfield>
    <subfield code="r">2016-03-10</subfield>
    <subfield code="w">2016-03-10</subfield>
    <subfield code="y">LMA</subfield>
  </datafield>
  <datafield tag="952" ind1=" " ind2=" ">
    <subfield code="0">0</subfield>
    <subfield code="1">0</subfield>
    <subfield code="2">ddc</subfield>
    <subfield code="4">0</subfield>
    <subfield code="6">LMA_ROS_2014_000000000000000_B467_OR_4</subfield>
    <subfield code="7">0</subfield>
    <subfield code="9">44359</subfield>
    <subfield code="a">LBB</subfield>
    <subfield code="b">LBB</subfield>
    <subfield code="c">B467</subfield>
    <subfield code="d">2016-03-10</subfield>
    <subfield code="l">1</subfield>
    <subfield code="o">LMA ROS 2014 B467 Or.4</subfield>
    <subfield code="p">RUA055927</subfield>
    <subfield code="r">2019-11-20</subfield>
    <subfield code="s">2019-07-30</subfield>
    <subfield code="w">2016-03-10</subfield>
    <subfield code="y">LMA</subfield>
  </datafield>
  <datafield tag="952" ind1=" " ind2=" ">
    <subfield code="0">0</subfield>
    <subfield code="1">0</subfield>
    <subfield code="2">ddc</subfield>
    <subfield code="4">0</subfield>
    <subfield code="6">LMA_ROS_2014_000000000000000_B467_OR_5</subfield>
    <subfield code="7">0</subfield>
    <subfield code="9">44360</subfield>
    <subfield code="a">LBB</subfield>
    <subfield code="b">LBB</subfield>
    <subfield code="c">B467</subfield>
    <subfield code="d">2016-03-10</subfield>
    <subfield code="l">3</subfield>
    <subfield code="o">LMA ROS 2014 B467 Or.5</subfield>
    <subfield code="p">RUA055606</subfield>
    <subfield code="r">2025-11-29</subfield>
    <subfield code="s">2025-11-01</subfield>
    <subfield code="w">2016-03-10</subfield>
    <subfield code="y">LMA</subfield>
  </datafield>
  <datafield tag="952" ind1=" " ind2=" ">
    <subfield code="0">0</subfield>
    <subfield code="1">0</subfield>
    <subfield code="2">ddc</subfield>
    <subfield code="4">0</subfield>
    <subfield code="6">LMA_ROS_2014_000000000000000_B467_OR_6</subfield>
    <subfield code="7">0</subfield>
    <subfield code="9">44361</subfield>
    <subfield code="a">LBB</subfield>
    <subfield code="b">LBB</subfield>
    <subfield code="c">B467</subfield>
    <subfield code="d">2016-03-10</subfield>
    <subfield code="l">1</subfield>
    <subfield code="o">LMA ROS 2014 B467 Or.6</subfield>
    <subfield code="p">RUA056030</subfield>
    <subfield code="r">2016-06-06</subfield>
    <subfield code="s">2016-05-16</subfield>
    <subfield code="w">2016-03-10</subfield>
    <subfield code="y">LMA</subfield>
  </datafield>
  <datafield tag="952" ind1=" " ind2=" ">
    <subfield code="0">0</subfield>
    <subfield code="1">0</subfield>
    <subfield code="2">ddc</subfield>
    <subfield code="4">0</subfield>
    <subfield code="6">LMA_ROS_2014_000000000000000_B467_OR_7</subfield>
    <subfield code="7">0</subfield>
    <subfield code="9">44362</subfield>
    <subfield code="a">LBB</subfield>
    <subfield code="b">LBB</subfield>
    <subfield code="c">B467</subfield>
    <subfield code="d">2016-03-10</subfield>
    <subfield code="o">LMA ROS 2014 B467 Or.7</subfield>
    <subfield code="p">RUA056361</subfield>
    <subfield code="r">2016-03-10</subfield>
    <subfield code="w">2016-03-10</subfield>
    <subfield code="y">LMA</subfield>
  </datafield>
  <datafield tag="952" ind1=" " ind2=" ">
    <subfield code="0">0</subfield>
    <subfield code="1">0</subfield>
    <subfield code="2">ddc</subfield>
    <subfield code="4">0</subfield>
    <subfield code="6">LMA_ROS_2014_000000000000000_B467_OR_8</subfield>
    <subfield code="7">0</subfield>
    <subfield code="9">44363</subfield>
    <subfield code="a">LBB</subfield>
    <subfield code="b">LBB</subfield>
    <subfield code="c">B467</subfield>
    <subfield code="d">2016-03-10</subfield>
    <subfield code="o">LMA ROS 2014 B467 Or.8</subfield>
    <subfield code="p">RUA056365</subfield>
    <subfield code="r">2016-03-10</subfield>
    <subfield code="w">2016-03-10</subfield>
    <subfield code="y">LMA</subfield>
  </datafield>
</record>
